00900nam a2200253 a 4500001000800000005001700008008004100025010001700066040001800083043002100101050002300122082001900145100002800164245006200192260008800254300002100342490003200363650002900395650003000424830012200454906004500576942000800621999001700629292444620170619150142.0890113s1986 sj 000 0 eng  a 88980767  aDLCcDLCdDLC af-sj---af------00aGR355.8b.H87 198600a398/.096242201 aHurreiz, Sayed Hamid A.10aStudies in African applied folklore /cSayyid H. Hurreiz. aKhartoum :bInstitute of African and Asian Studies, University of Khartoum,cc1986. a137 p. ;c24 cm.1 aOccasional papers ;vno. 20 0aApplied folklorezSudan. 0aApplied folklorezAfrica. 0aOccasional paper (Jāmiʻat al-Kharṭūm. Maʻhad al-Dirāsāt al-Afrīqīyah wa-al-Āsiyawīyah) ;vno. 20. a7bcbccorignewd3encipf19gy-gencatlg 2ddc c63828d63802